| 000 | 00828nam a2200229Ia 4500 | ||
|---|---|---|---|
| 003 | GCL | ||
| 008 | 140319s9999 xx 000 0 ara d | ||
| 040 |
_aGCL / _cGCL |
||
| 082 | 0 | 4 |
_aق _b726.1 _bك ع |
| 100 | 1 | _aكمال الدين سامح | |
| 245 | 1 | 0 |
_aالعمارة الاسلامية فى مصر / _cكمال الدين سامح |
| 700 | 1 | _aمحمد سامح كمال الدين | |
| 260 |
_aالقاهرة : _bدار نهضة الشرق ، _c2000 |
||
| 300 |
_a134 ص ؛ _c24 سم |
||
| 650 | 0 | 4 | _aاضرحة الائمة والاولياء |
| 650 | 0 | 4 | _aمصر - تاريخ |
| 650 | 0 | 4 | _aمصر - تاريخ - العصر الاسلامى |
| 650 | 0 | 4 | _aالمساجد - مصر |
| 650 | 0 | 4 | _aمصر - الاثار الاسلامية |
| 650 | 0 | 4 | _aالعمارة الاسلامية - مصر |
| 942 |
_2ddc _cBK |
||
| 999 |
_c52522 _d52522 |
||